The New World Order or The kingdom of God on Earth (Record no. 595280)

000 -LEADER
fixed length control field 00453nam a22001457a 4500
020 ## - INTERNATIONAL STANDARD BOOK NUMBER
International Standard Book Number 9789699704055
082 ## - DEWEY DECIMAL CLASSIFICATION NUMBER
Classification number 230.2
Author Mark CHH
100 ## - MAIN ENTRY--PERSONAL NAME
Personal name Muhammad Ashraf Chheenah
245 ## - TITLE STATEMENT
Title The New World Order or The kingdom of God on Earth
Statement of responsibility, etc. Muhammad Ashraf Chheenah
260 ## - PUBLICATION, DISTRIBUTION, ETC.
Place of publication, distribution, etc. Islamabad:
Name of publisher, distributor, etc. Interfaith Study and Research Centre;
Date of publication, distribution, etc. 2020.
300 ## - PHYSICAL DESCRIPTION
Extent 331p.
563 ## - BINDING INFORMATION
Binding note H.B
650 ## - SUBJECT ADDED ENTRY--TOPICAL TERM
Topical term or geographic name entry element Kingdom of God
-- evil in the world
942 ## - ADDED ENTRY ELEMENTS (KOHA)
Source of classification or shelving scheme
Koha item type Book
650 ## - SUBJECT ADDED ENTRY--TOPICAL TERM
-- 117991
Holdings
Withdrawn status Lost status Source of classification or shelving scheme Damaged status Not for loan Permanent Location Current Location Date acquired Source of acquisition Total Checkouts Full call number Barcode Date last seen Date last checked out Price effective from Koha item type
          Central Library (CL) Central Library (CL) 07/15/2023 Donation 1 230.2 CHH CL-D-2418 04/10/2025 02/24/2025 07/15/2023 Book
© 2023 Central Library, National University of Sciences and Technology. All Rights Reserved.